Catilinovo sprisahanie ; Válka s Jugurtom /
Uložené v:
| Hlavný autor: | |
|---|---|
| Ďalší autori: | , |
| Médium: | Kniha |
| Jazyk: | Slovak |
| Vydané: |
Bratislava :
Tatran,
1973.
|
| Vydanie: | Vyd. 1. |
| Edícia: | Svetoví klasici
zv. 205 |
| Fyzický popis: |
192 s. |
| Tagy: |
Pridať tag
Žiadne tagy, Buďte prvý kto otaguje tento záznam!
|
Titul je dostupný aj v ... 

MARC
| LEADER | 00000nam a22000003a 4500 | ||
|---|---|---|---|
| 001 | 000214721 | ||
| 005 | 20111018141432.0 | ||
| 008 | 890711 1973 xo slo d | ||
| 040 | |a SVKKK |b slo |c SVKKK |e AACR2 | ||
| 041 | 0 | |a slo | |
| 044 | |a xo |c SK | ||
| 100 | 1 | |a Sallustius, Gaius Crispus, |d 86-35 pred Kr. |4 aut | |
| 245 | 1 | 0 | |a Catilinovo sprisahanie ; Válka s Jugurtom / |c Crispus Gaius Sallustius ; z lat. orig. ... Catilina, Iugurta ... prel., vec. a men. reg. s vysvetl. [zost.] a doslov nap. Viera Bunčáková ; ilustr. František Hübel. |
| 250 | |a Vyd. 1. | ||
| 260 | |a Bratislava : |b Tatran, |c 1973. | ||
| 300 | |a 192 s. | ||
| 490 | 1 | |a Svetoví klasici |v zv. 205 | |
| 700 | 1 | |a Bunčáková, Viera, |d 1920- |4 aft |4 trl | |
| 700 | 1 | |a Hübel, František, |d 1934-1978. |4 ill | |
| 740 | 0 | 2 | |a Válka s Jugurtom |
| 830 | 0 | |a Svetoví klasici |v zv. 205 | |
| 910 | |a svkkk | ||
| 998 | |a BK | ||
| 090 | |g SCKHL |k Sklad Pribinova 2. posch. |a II.205012 |j 497479 |i 2720179688 |s Absenčne | ||